|
|
|
|
| LEADER |
00000nab a2200000 a 4500 |
| 001 |
vtls000423314 |
| 003 |
SK-MaSNL |
| 005 |
20260303194207.0 |
| 008 |
230120c1991 xo 0 slo |
| 015 |
|
|
|a SNBRB19rr/mm-uuuuu
|
| 035 |
|
|
|a CL0423442
|
| 035 |
|
|
|a urn:nbn:sk:snk-abdo8b
|
| 035 |
|
|
|a (urnnbn)urn:nbn:sk:snk:ar-000ts8
|
| 035 |
|
|
|a (uuid)d124a23a-f330-45d1-8f1d-d52096aac3e3
|
| 040 |
|
|
|a SNKBUCL
|b slo
|c SNKBUCL
|e AACR2
|
| 041 |
0 |
|
|a slo
|
| 044 |
|
|
|a xo
|c SK
|
| 080 |
|
|
|a 792.2
|2 1981
|
| 100 |
1 |
|
|a Antalová, Elena,
|d 1938-
|4 aut
|9 99662
|
| 245 |
1 |
0 |
|a Kam na to chodíme
|c Elena Antalová
|
| 300 |
|
|
|b Fot. 6.
|
| 600 |
1 |
7 |
|a Lasica, Milan,
|d 1940-2021
|t Kam na to chodíme
|2 snkbucl
|9 208814
|
| 600 |
1 |
7 |
|a Satinský, Július,
|d 1941-2002
|t Kam na to chodíme
|2 snkbucl
|9 1226123
|
| 600 |
1 |
7 |
|a Štepka, Stanislav,
|d 1944-
|t Kam na to chodíme
|2 snkbucl
|9 1226124
|
| 610 |
2 |
7 |
|a Štúdio S
|2 snkbucl
|9 31994
|
| 650 |
0 |
7 |
|a činohry
|2 snkbucl
|9 3325
|
| 650 |
0 |
7 |
|a divadelné inscenácie
|2 snkbucl
|9 3326
|
| 655 |
|
7 |
|a recenzie
|2 snkbucl
|9 21907
|
| 655 |
|
7 |
|a články z novín a časopisov
|2 snkbucl
|9 267496
|
| 773 |
0 |
|
|t Javisko
|g Roč. 23, č. 6 (1991), s. 310-311
|
| 850 |
|
|
|a Slovenská národná knižnica v Martine
|a MTA001
|
| 852 |
|
|
|a SNK
|b KIS3GCP
|
| 954 |
|
|
|a odborná, vedecká literatúra pôvodná (slovenská)
|2 lita
|
| 958 |
|
|
|a OND
|
| 958 |
|
|
|a EUIPO
|
| 958 |
|
|
|a article19
|
| 992 |
|
|
|a RBX
|
| 999 |
|
|
|c 2156350
|d 2158280
|